[Event "Gran Canaria Santa Lucia op 2nd"]
[Site "Gran Canaria"]
[Date "2014.08.14"]
[Round "1"]
[White "Sanchez Gonzalez, Eloy Antonio"]
[Black "Quintana Marrero, Pedro Jesus"]
[Result "0-1"]
[WhiteElo "1250"]
[BlackElo "1729"]
[PlyCount "54"]
[EventDate "2014.08.14"]
[EventType "swiss"]
[EventRounds "9"]
[EventCountry "ESP"]
[SourceTitle "EXT 2015"]
[Source "ChessBase"]
[SourceDate "2014.11.20"]
[SourceVersion "1"]
[SourceVersionDate "2014.11.20"]
[SourceQuality "1"]

1. d4 Nf6 2. Bf4 e6 3. Nc3 d5 4. Nf3 c5 5. e3 Be7 6. Bb5+ Bd7 7. Bxd7+ Nbxd7 8. Ne5 0-0 9. g4 Qb6 10. Rb1 cxd4 11. exd4 Nxe5 12. Bxe5 Nd7 13. Bf4 Bb4 14. h4 Rae8 15. a3 Bxc3+ 16. bxc3 Qc6 17. Kd2 Nb6 18. Ke2 f6 19. Qd3 e5 20. dxe5 fxe5 21. Bg3 d4 22. Rb3 Qxh1 23. Rb5 e4 24. Qxd4 Qf3+ 25. Ke1 e3 26. Re5 exf2+ 27. Bxf2 Qxf2+ 0-1

[Event "Las Palmas Insular-chT Pref 1314"]
[Site "Agaete"]
[Date "2014.02.08"]
[Round "9.3"]
[White "Quintana Marrero, Pedro Jesus"]
[Black "Angel Acosta, Juan Carlos"]
[Result "0-1"]
[WhiteElo "1674"]
[BlackElo "2148"]
[PlyCount "76"]
[EventDate "2013.11.09"]
[EventType "team-tourn"]
[EventRounds "14"]
[EventCountry "ESP"]
[SourceTitle "EXT 2015"]
[Source "ChessBase"]
[SourceDate "2014.11.20"]
[SourceVersion "1"]
[SourceVersionDate "2014.11.20"]
[SourceQuality "1"]
[WhiteTeam "Panaderia Pulido San Mateo"]
[BlackTeam "La Caja de Canarias"]
[WhiteTeamCountry "ESP"]
[BlackTeamCountry "ESP"]

1. e4 c5 2. Nf3 e6 3. c3 d5 4. exd5 Qxd5 5. d4 Nf6 6. Bd3 Nc6 7. 0-0 cxd4 8. cxd4 Be7 9. Nc3 Qd8 10. a3 0-0 11. Re1 b6 12. Bg5 Bb7 13. d5 exd5 14. Rxe7 Nxe7 15. Bxf6 gxf6 16. Nh4 Ng6 17. Qh5 Re8 18. Nf5 Re5 19. Nh6+ Kg7 20. Nf5+ Kh8 21. f4 Rxf5 22. Qxf5 Qd6 23. Rf1 Rg8 24. Rf3 Qe6 25. Qh5 Qe1+ 26. Bf1 d4 27. Nd5 Qe6 28. Bc4 b5 29. f5 Qe5 30. Rh3 Rg7 31. Nxf6 Qxf6 32. fxg6 Qxg6 33. Bf1 Qb6 34. Kh1 Qf6 35. Kg1 a6 36. Qc5 Qf4 37. Rd3 Qe4 38. Rf3 Qxf3 0-1

[Event "Las Palmas Insular-chT Pref 1314"]
[Site "Agaete"]
[Date "2014.01.18"]
[Round "6.3"]
[White "Quintana Marrero, Pedro Jesus"]
[Black "Vega Gutierrez, Belinda Vidina"]
[Result "0-1"]
[WhiteElo "1674"]
[BlackElo "2180"]
[PlyCount "76"]
[EventDate "2013.11.09"]
[EventType "team-tourn"]
[EventRounds "14"]
[EventCountry "ESP"]
[SourceTitle "EXT 2015"]
[Source "ChessBase"]
[SourceDate "2014.11.20"]
[SourceVersion "1"]
[SourceVersionDate "2014.11.20"]
[SourceQuality "1"]
[WhiteTeam "Panaderia Pulido San Mateo"]
[BlackTeam "Anand"]
[WhiteTeamCountry "ESP"]
[BlackTeamCountry "ESP"]

1. Nf3 Nf6 2. g3 d5 3. c4 c6 4. b3 a5 5. Bg2 Bg4 6. Ne5 dxc4 7. Bb2 Nbd7 8. bxc4 Nxe5 9. Bxe5 Nd7 10. Bb2 e5 11. Nc3 Bb4 12. a3 Be7 13. 0-0 0-0 14. Qc2 Nc5 15. f4 Qd4+ 16. Kh1 Qxc4 17. fxe5 Bxe2 18. Rf4 Qd3 19. Qc1 Nb3 20. Qe1 Bh5 21. Be4 Qxd2 22. Qb1 Bg6 23. Ra2 Nc5 24. Bxg6 hxg6 25. Ba1 Qd7 26. Raf2 Ne6 27. R4f3 Bc5 28. Rf1 Bd4 29. Rd1 Qc7 30. Re1 Rad8 31. Ne4 Rd5 32. Rb3 Bxa1 33. Qxa1 Nd4 34. Rb2 Re8 35. Qb1 b5 36. Nd2 Rdxe5 37. Rc1 Qd6 38. a4 Qd5+ 0-1

[Event "Las Palmas Insular-chT Pref 1314"]
[Site "Agaete"]
[Date "2013.11.23"]
[Round "3.3"]
[White "Quintana Marrero, Pedro Jesus"]
[Black "Galvan Sarmiento, Jose Luis"]
[Result "1/2-1/2"]
[WhiteElo "1674"]
[BlackElo "1983"]
[PlyCount "99"]
[EventDate "2013.11.09"]
[EventType "team-tourn"]
[EventRounds "14"]
[EventCountry "ESP"]
[SourceTitle "EXT 2015"]
[Source "ChessBase"]
[SourceDate "2014.11.20"]
[SourceVersion "1"]
[SourceVersionDate "2014.11.20"]
[SourceQuality "1"]
[WhiteTeam "Panaderia Pulido San Mateo"]
[BlackTeam "Villa de Teror"]
[WhiteTeamCountry "ESP"]
[BlackTeamCountry "ESP"]

1. e4 e6 2. d4 d5 3. Nc3 Nf6 4. Bg5 Bb4 5. e5 h6 6. Bd2 Bxc3 7. bxc3 Ne4 8. Bc1 Nxc3 9. Qg4 g6 10. Bd3 c5 11. Nf3 Nc6 12. dxc5 Qa5 13. 0-0 Qb4 14. Qxb4 Nxb4 15. a3 Nc6 16. a4 Ne4 17. Bxe4 dxe4 18. Nd2 e3 19. fxe3 0-0 20. Bb2 Nb4 21. Rac1 Bd7 22. Ne4 Bc6 23. Nd6 Na6 24. Bd4 Rad8 25. a5 Rd7 26. Rb1 Nb8 27. Rb2 Rc7 28. Rfb1 Nd7 29. Nxb7 a6 30. Nd6 Ba8 31. c3 Nxc5 32. Rb8 Nd7 33. Rxf8+ Kxf8 34. c4 Ke7 35. Rf1 f6 36. Bb6 Rc6 37. c5 Nxe5 38. Rd1 Nd7 39. Ne4 f5 40. Nd2 Nxc5 41. Nf3 Nd7 42. Rxd7+ Kxd7 43. Ne5+ Kd6 44. Nxc6 Bxc6 45. Kf2 Kd5 46. h4 g5 47. hxg5 hxg5 48. Bd8 g4 49. g3 Ke4 50. Bb6 1/2-1/2